000 01235cam a2200409 4500
001 a442
003 DO-SdBPM
005 20250708073604.0
007 ta
008 090210s2008 sp | |||| 000 f spa
015 _a
017 _a
_b
020 _a9788466321952
035 _a
040 _aDO-SdBPM
_bspa
_cBPMSU
_e rda
041 1 _aspa
_h
080 _a
082 4 _a839.8236
_bG111j 2008
_222
100 1 _aGaarder, Jostein
_d1952-
_eautor
245 1 3 _aLa joven de las naranjas /
_cJostein Gaarder ; traducción de Kirsti Baggethun y Asunción Lorenzo
_h
264 _aMadrid :
_bPunto de Lectura,
_c2008
300 _a178 páginas ;
_c21 cm
336 _atexto
_btxt
_2rdacontent
337 _asin mediación
_bn
_2rdamedia
338 _avolumen
_bnc
_2rdacarrier
490 0 _aPunto de lectura,
_v263/2
500 _aIncluye datos biográficos del autor
534 _pTítulo original.
_tAppelsinpiken.
590 _aInventariado, 2025/VM
650 7 _aNovela noruega
650 7 _aVida
_vNovela
650 7 _aNovela amorosa.
700 1 _aLorenzo, Asunción
_etraductor
700 1 _aBaggethun, Kirsti
_etraductor
910 _aVMateo V. Control de calidad. BPMSU
942 _2ddc
_cBK
999 _c10831
_d10831